Más allá de los límites : meditaciones sobre la unidad /

Zapisane w:
Opis bibliograficzny
1. autor: Corbí, Marià (autor)
Format: Książka
Język:hiszpański
Wydane: Barcelona, España : Centro de Estudio de las Tradiciones de Sabiduría, 2009, c2009
Hasła przedmiotowe:
Etykiety: Dodaj etykietę
Nie ma etykietki, Dołącz pierwszą etykiete!

MARC

LEADER 00000nam^a2200000^a^4500
001 000310687
005 20250521000000.0
009 20260310113022.764
020 |a 978-84-9916-163-1 
037 |a Acervo ITESO - Biblioteca 
041 |a ESP 
082 |a 291. 43  |b COR 
100 |a Corbí, Marià  |e (autor) 
245 1 0 |a Más allá de los límites :  |b meditaciones sobre la unidad /  |c M. Corbí. 
264 4 |a Barcelona, España :  |b Centro de Estudio de las Tradiciones de Sabiduría,  |c 2009, c2009 
300 |a 198 p. 
336 |a texto  |b txt  |2 rdacontenido 
337 |a sin mediación  |b n  |2 rdamedio 
338 |a volumen  |b nc  |2 rdasoporte 
649 |a XX 
650 |a Meditación -  |x Tema Principal 
650 |a Filosofías Orientales -  |x Tema Principal 
650 |a Religión 
910 |a Fondo General 
920 |a Impresos - Libros 
930 |a Colección General 
905 |a 101 
901 |a 0500196945  |b IT1  |c ACC  |i D55474  |u 20250521 
902 |a https://opac.biblio.iteso.mx/vufind/Record/000310687